000 01117nam a2200217Ia 4500
999 _c44463
_d44463
001 11232
003 GE_BSU
005 20250514104046.0
008 181216s1969||||ge |||||||||||||| ||geo||
040 _cGE_BSU
041 _ageo
080 _a546(075.8) კ-67
100 _aკოკოჩაშვილი, ვიქტორ
_925039
245 _aარაორგანული ქიმიის კურსი :
_b[სახელმძღვანელო ქიმიის ფაკულტეტის სტუდენტებისათვის]. ნაწ. 2 /
_cვიქტორ კოკოჩაშვილი, ნოე ფირცხალავა; რედ: დ. გვარამაძე.
264 _aთბილისი:
_bთბილ. უნ-ტის გამ-ბა,
_c1969.
300 _a799 გვ.;
_b26 სმ.
653 _aარაორგანული ქიმია
700 _aფირცხალავა, ნოე
_eავტორი
_91089
700 _aგვარამაძე, დ.
_eრედაქტორი
_91766
942 _cBK
_2udc